Click-an-Antihero Quiz Stats

 Plays Quiz Updated Aug 29, 2018

Score 0/20 Timer 04:00
1 Play Today
% Correct
Catwoman
92%
Loki
91.4%
Walter White
90.7%
Scarlett O'Hara
90.1%
Dexter Morgan
89.5%
Wario
89.4%
Macbeth
87.6%
Michael Corleone
86.9%
J.R. Ewing
83.9%
Tyrion Lannister
82.7%
% Correct
Venom
81.9%
Magneto
79.7%
Tony Soprano
76.4%
Deadpool
73.6%
John Wick
73.5%
James 'Sawyer' Ford
69.5%
Dominic Toretto
63.2%
Sylar
44%
Rodion Raskolnikov
40.9%
Jayne Cobb
31%

You're not logged in!

Compare scores with friends on all Sporcle quizzes.
OR
Log In

Sporcle TV

Today on Sporcle TV


Watch our educational content, quiz creation guides, and fun videos on Sporcle TV.

Show Comments

Extras

Top Quizzes Today


Score Distribution

Your Account Isn't Verified!

In order to create a playlist on Sporcle, you need to verify the email address you used during registration. Go to your Sporcle Settings to finish the process.

Report this User

Report this user for behavior that violates our Community Guidelines.

Details: